| 000 | 00567nam a2200205Ia 4500 | ||
|---|---|---|---|
| 003 | OSt | ||
| 005 | 20230519081434.0 | ||
| 008 | 210423s2002 xx 000 0 und d | ||
| 040 | _cAL | ||
| 041 | _aeng | ||
| 082 |
_a338.9 _223 _bSINH |
||
| 100 |
_aSINGH (R B) _9109261 |
||
| 245 | _aHuman dimensions of sustainable development | ||
| 260 |
_aJaipur _bRawat Publications _c2002 |
||
| 365 |
_b525 _cINR |
||
| 650 |
_aEconomics _9109262 |
||
| 650 |
_aEconomics of Development _9109263 |
||
| 906 | _adevelopment ; dimensions ; Human ; sustainable | ||
| 942 |
_2ddc _cBK |
||
| 999 |
_c172521 _d172521 |
||